000 00392 a2200157 4500
001 73960
020 _a8478387579
040 _cAnchieta - Colégio São Paulo
100 _aMarckenny, Richard
240 1 0 _aO mundo do renascimento
_lpor
245 1 0 _aO mundo do renascimento
300 _a238
362 0 _a1997
650 4 _aPenínsula Itálica e Ilhas adjacentes - Itália
942 _cBK
999 _c73960
_d73960